000 00747nam a2200265Ia 4500
003 OSt
005 20221006151341.0
006 a|||||r|||| 00| 0
007 ta
008 221006b |||||||| |||| 00| 0 eng d
024 _a21,798
037 _cTextual
040 _aEASL
_cEASL
_beng
041 _2eng
_aeng
082 _aX.42nN77, K6-
100 _aEMBREE John F
_9135742
245 0 _aBibliography of the peoples and cultures of mainland SouthEast Asia
260 _aNew Havan
_b Yale University
_c1950
300 _a821p.
_ccm.
490 _v RR
650 _aGEN
700 _a DOTSON Lillian Ota
_9658794
942 _hX.42nN77, K6-
_cTEXL
_2CC
999 _c1089884
_d1089884